Statistics for James Joyce Bibliography

Click here to take the quiz!

General Stats

  • This quiz has been taken 14 times
  • The average score is 7 of 33

Answer Stats

TypeYearName% Correct
Novel1922Ulysses
100%
Novel1916A Portrait of the Artist as a Young Man
92%
Novel1939Finnegans Wake
85%
Short Story1914The Dead
77%
Short Story Collection1914Dubliners
77%
Short Story1914Araby
38%
Novel1944Stephen Hero
38%
Short Story1914The Sisters
31%
Play1918Exiles
31%
Short Story1914An Encounter
23%
Poetry Collection1907Chamber Music
15%
Short Story1914Eveline
15%
Short Story1914After the Race
8%
Collection of Letters1957Letters of James Joyce Vol. 1
8%
Short Story1914Ivy Day in the Committee Room
8%
Short Story1914A Mother
8%
Short Story2012The Cats of Copenhagen
8%
Short Story1914A Little Cloud
8%
Collection of Letters1966Letters of James Joyce Vol. 3
8%
Collection of Letters1966Letters of James Joyce Vol. 2
8%
Collection of Letters1975Selected Letters of James Joyce
0%
Poetry Collection1968Giacomo Joyce
0%
Short Story1965The Cat and the Devil
0%
Collection of Essays1959The Critical Writings of James Joyce
0%
Short Story1914Clay
0%
Short Story1914A Painful Case
0%
Poetry Collection1936Collected Poems
0%
Poetry Collection1927Pomes Penyeach
0%
Short Story1914Two Gallants
0%
Short Story1914The Boarding House
0%
Short Story1914Counterparts
0%
Short Story1914Grace
0%
Collection of Writings2013Finn's Hotel
0%

Score Distribution

Percentile by Number Answered

Percent of People with Each Score

Your Score History

You have not taken this quiz